ბათუმის შოთა რუსთაველის სახელმწიფო უნივერსიტეტის ბიბლიოთეკა

ყბა-სახის მიდამოს ესთეტიკური, პლასტიკური და რეკონსტრუქციული ქირურგია / (ბიბ.ჩანაწერი № 57376)

000 -ლიდერი
ფიქსირებული სიგრძის საკონტროლო ველი 01231nam a22002297a 4500
003 - საკონტროლო ნომრის იდენტიფიკატორი
საკონტროლო ველი Ge_BSU
005 - ბოლო ოპერაციის თარიღი და დრო
საკონტროლო ველი 20200611153319.0
008 - ფიქსირებული სიგრძის მონაცემთა ელემენტები - ზოგადი ინფორმაცია
ფიქსირებული სიგრძის საკონტროლო ველი 200611s2014ge xxu||||| |||| 00| 0 geo d
020 ## - წიგნის საერთაშორისო სტანდარტული ნომერი
International Standard Book Number 9789941939204
041 ## - ენის კოდი
Language code of text/sound track or separate title geo
080 ## - უნივერსალური ათობითი კლასიფიკაციის ინდექსი
Universal Decimal Classification number 617.52-089.844 ტ -52
100 ## - მთავარი ჩანაწერი - პიროვნების სახელი
Personal name ტიმოფეევი, ა.ა.
9 (RLIN) 8364
245 ## - ცნობა სათაურის შესახებ
Title ყბა-სახის მიდამოს ესთეტიკური, პლასტიკური და რეკონსტრუქციული ქირურგია /
Statement of responsibility, etc ა.ა. ტიმოფეევი ; თარგმანი ნათია ვასაძე ; რედ.: ზურაბ ჩიჩუა, მამუკა გოგიბერიძე.
264 ## - წარმოების, გამოცემის, დისტრიბუციის და სხვა ცნობები
გამოცემის, წარმოების, დისტრიბუციის... ადგილი თბილისი,
გამოცემის, წარმოების, დისტრიბუციის... თარიღი 2014.
300 ## - ფიზიკური აღწერა
Extent 92 გვ. :
Other physical details სურ. ;
Dimensions 20 სმ.
653 ## - INDEX TERM--UNCONTROLLED
Uncontrolled term პლასტიკური ქირურგია.
653 ## - INDEX TERM--UNCONTROLLED
Uncontrolled term მედიცინა
700 ## - ADDED ENTRY--PERSONAL NAME
Personal name ვასაძე, ნათია
Relator term თარგმანი
9 (RLIN) 8365
700 ## - ADDED ENTRY--PERSONAL NAME
Personal name ჩიჩუა, ზურაბ
Relator term რედაქტორი
9 (RLIN) 8366
700 ## - ADDED ENTRY--PERSONAL NAME
Personal name გოგიბერიძე, მამუკა
Relator term რედაქტორი
9 (RLIN) 8367
942 ## - ADDED ENTRY ELEMENTS (KOHA)
Source of classification or shelving scheme
Koha item type წიგნი
ეგზემპლარები
ჩამოწერის სტატუსი დაკარგული ეგზემპლარის სტატუსი კლასიფიკაციის წყარო ან თაროზე გაწყობის სქემა დაზიანების სტატუსი არ გაიცემა მუდმივი მდებარეობა (დაცვის ადგილი) ამჟამინდელი ადგილსამყოფელი თაროზე განთავსების ადგილი შეძენის თარიღი ღირებულება, შესყიდვის ნორმალური ფასი სრული შენახვის შიფრი შტრიხკოდი ბოლო ოპერაციის თარიღი ეგზემპლარის მიმდევრობითი ნომერი (კეტერი?) ფასის ძალაში შესვლის თარიღი ეგზემპლარის სახეობა საჯარო შენიშვნა
          ბათუმის შოთა რუსთაველის სახელმწიფო უნივერსიტეტის მთავარი ბიბლიოთეკა ბათუმის შოთა რუსთაველის სახელმწიფო უნივერსიტეტის მთავარი ბიბლიოთეკა წიგნსაცავი 2020-06-11 5.00 617.52-089.844 ტ - 52 29190 2020-06-11 29190 2020-06-11 წიგნი 5.00